000 00411nam a22000977a 4500
999 _c508478
_d508478
082 _aZx5465 An23/1980-81
100 _aAndaman and Nicobar. Agricultural Census Cell. Statistical Bureau
_93824
245 _aReport on Agricultural census, 1980-81 and input survey, 1981-82
_cby Statistical Bureau Agricultural Census Cell.
260 _aAndaman and Nicobar
_bGovernment of Andaman and Nicobar
_c1982
300 _a422p.